Т. 1; Экономическая история мира

Detalles Bibliográficos
Parent link:Экономическая история мира: в 6 т./ Российская академия наук (РАН), Институт Европы (ИЕ) ; Институт экономики (ИЭ) ; Кафедра экономической теории и предпринимательства ; под ред. М. В. Конотопова. Т. 1.— , 2008.— 978-5-85971-929-7
Summary:Издание впервые объединяет историю развития мирового хозяйства и историю экономической мысли, включая философские концепции классиков экономической пауки и экономические взгляды знаменитых философов. Будет незаменимо при подготовке к экзаменам кандидатского минимума по истории и философии экономики.
Idioma:ruso
Publicado: 2008
Subjects:
Formato: MixedMaterials Libro
KOHA link:https://koha.lib.tpu.ru/cgi-bin/koha/opac-detail.pl?biblionumber=145975

MARC

LEADER 00000nam2a2200000 4500
001 145975
005 20241014144457.0
010 |a 9785859719303 
035 |a (RuTPU)RU\TPU\book\158228 
090 |a 145975 
100 |a 20081024d2008 km y0rusy50 ca 
101 0 |a rus 
102 |a RU 
105 |a y z 001zd 
200 0 |a Т. 1 
210 |d 2008 
215 |a 496 с. 
320 |a Библиография в конце глав. 
330 |a Издание впервые объединяет историю развития мирового хозяйства и историю экономической мысли, включая философские концепции классиков экономической пауки и экономические взгляды знаменитых философов. Будет незаменимо при подготовке к экзаменам кандидатского минимума по истории и философии экономики. 
461 1 |0 (RuTPU)RU\TPU\book\160723  |y 978-5-85971-929-7  |t Экономическая история мира  |o в 6 т.  |f Российская академия наук (РАН), Институт Европы (ИЕ) ; Институт экономики (ИЭ) ; Кафедра экономической теории и предпринимательства ; под ред. М. В. Конотопова  |v Т. 1  |d 2008 
600 1 |a Глинская  |b Е. В.  |c великая русская княгиня  |c 2-я жена Василия III  |f ?-1538  |g Елена Васильевна  |c мать Ивана IV  |2 stltpush  |3 (RuTPU)RU\TPU\pers\12794 
602 |a Морозовы  |f 18-20 вв.  |c династия российских предпринимателей, текстильные фабриканты  |2 stltpush  |3 (RuTPU)RU\TPU\pers\12517  |9 3520 
602 |a Строгановы (Строгоновы)  |f 16-20 вв.  |c род крупнейших российских купцов и промышленников  |9 3624 
606 |a Мировая экономика  |x История  |2 stltpush  |3 (RuTPU)RU\TPU\subj\44106  |9 63480 
610 1 |a экономика 
610 1 |a история 
610 1 |a экономическая история 
610 1 |a всемирная история 
610 1 |a первобытное общество 
610 1 |a Древний Восток 
610 1 |a Шумер 
610 1 |a Вавилон 
610 1 |a Ассирия 
610 1 |a Финикия 
610 1 |a Карфаген 
610 1 |a Древний Египет 
610 1 |a Древняя Индия 
610 1 |a Древний Китай 
610 1 |a Древняя Греция 
610 1 |a Древний Рим 
610 1 |a феодализм 
610 1 |a Западная Европа 
610 1 |a средние века 
610 1 |a города 
610 1 |a восточные славяне 
610 1 |a Киевская Русь 
610 1 |a феодальное хозяйство 
610 1 |a ремесла 
610 1 |a торговля 
610 1 |a великие географические открытия 
610 1 |a мануфактуры 
686 |a У03(0)  |2 rubbk 
801 1 |a RU  |b 63413507  |c 20081024  |g PSBO 
801 2 |a RU  |b 63413507  |c 20191128  |g PSBO 
942 |c BK